|
|
|
|
| LEADER |
00000nam a2200000 i 4500 |
| 001 |
publ2563 |
| 005 |
20260316133045.0 |
| 008 |
251125s2025 hu o 000 zxx d |
| 020 |
|
|
|a 978-615-6886-21-7
|
| 024 |
|
|
|a 10.29180/978-615-6886-21-7
|2 doi
|
| 040 |
|
|
|a BGE Publikációtár Repozitórium
|b hun
|
| 100 |
1 |
|
|a Szegedi Krisztina
|
| 245 |
1 |
0 |
|a Szemelvények a BGE kutatásaiból 2024 III. kötet
|c Szegedi Krisztina
|h [elektronikus dokumentum]
|
| 260 |
|
|
|a Budapesti Gazdaságtudományi Egyetem
|b Budapest
|c 2025
|
| 300 |
|
|
|a 203
|
| 650 |
|
4 |
|a társadalomtudományok
|
| 856 |
4 |
0 |
|u https://publikaciotar.uni-bge.hu/id/eprint/2563/1/BGE%20Szemelv%C3%A9nyek%202024%20III.%20k%C3%B6tet.pdf
|z Dokumentum-elérés
|